Comprehensive BG3 Quiz - Statistics

General Stats
  • This quiz has been taken 120 times
  • The average score is 43 of 60
Answer Stats
Category Hint Answer % Correct
Origin Companions The Pale Elf Astarion
100%
Origin Companions The Fury of Avernus Karlach
100%
Origin Companions The Blade of Frontiers Wyll
99%
Origin Companions The Wizard of Waterdeep Gale
98%
Non-Origin Companions First Druid of the Emerald Grove Halsin
98%
Origin Companions The Githyanki Warrior Lae'zel
98%
Origin Companions God's favorite princess Shadowheart
98%
Non-Origin Companions The High Harper Jaheira
96%
Non-Origin Companions Nightwarden of the Goblin Camp Minthara
96%
Origin Companions Haunted by bloody half-memories The Dark Urge / Durge
95%
Act 3 Antagonists Devil residing at the House of Hope Raphael
92%
Camp Followers a "skeleton," heavily implied to be avatar of Jergal Withers
92%
Non-Origin Companions The Mad Rashaamen Minsc
91%
Act 1 Antagonists Kindly old woman; a hag in disguise Auntie Ethel
90%
Act 3 Antagonists The Chosen of Bane; inventor of the Steel Watch Enver Gortash
86%
Act 2 Antagonists The Chosen of Myrkul; initially appears immortal Ketheric Thorm
86%
Act 1 Antagonists Acting as First Druid in Halsin's absence Kagha
83%
Camp Pets This beast is rescued from the goblin camp. I call him Patch. Owlbear cub
83%
Camp Pets Minsc's eternal companion Boo
82%
Camp Followers The Sword of Selune Dame Aylin
82%
Camp Followers Wyll's father, Grand Duke of the Gate Duke Ulder Ravengard
82%
Act 1 Antagonists Goblin priestess who brands you with the Absolute's mark Priestess Gut
80%
Assorted Names Wyll's last name Ravengard
80%
Act 3 Antagonists The BIG Bad, the ultimate villain The Absolute / The Netherbrain
80%
Quotes "One should cherish all of nature's bounty... but goblin viscera are rather low on the list." Halsin
78%
Act 3 Antagonists The Chosen of Bhaal; a Bhaalspawn Orin the Red
77%
Camp Followers Orphaned child destined to follow the Weave Arabella
76%
Quotes "...Of course it'll turn me into a monster. What else did I expect? Astarion
76%
Quotes "You seem to know enough about our condition to know it is beyond most cleric's skills." Shadowheart
76%
Camp Pets Gale's tressym, a fine wizard in her own right Tara
76%
Quotes "Listen, I'm never going back. If you told me I could die right now or live a thousand years [back there], I'd choose to go out now, with my freedom intact." Karlach
75%
Act 1 Antagonists Rescued from the collapsed rocks at Grymforge True Soul Nere
75%
Quotes "Is that... blood...? Never mind." Tav / Durge
73%
Quotes "I'm a magistrate back in Baldur's Gate-it's all rather tedious." Astarion
71%
Camp Followers Selunite cleric helping a group of Harpers in Reithwin Isobel Thorm
71%
Quotes "Horns this sharp will pop the balloons, you see." Wyll
71%
Camp Followers Encountered in the Blighted Village, tied to a windmill Barcus Wroot
70%
Act 1 Antagonists Hobgoblin who raises a dead mind flayer to find the Prism Dror Ragzlin
68%
Trivia This Origin character is named after their mother Karlach
67%
Quotes "Being here, intact and unexploded? No, that's not something I regret." Gale
63%
Act 1 Antagonists The myconids have been warring with this (sub)race The Duergar
63%
Assorted Names Gale's last name Dekarios
62%
Assorted Names Anagram of Raphael; incubus Haarlep
61%
Quotes "Settle in, then come join me for a drink. You just might be the godsend we've been searching for." Jaheira
59%
Camp Followers Presumably orphaned child, can be killed by Orin'zel or sell soup Yenna
59%
Quotes "My entire clutch battled beholders within the Eye of the Sky's temples." Lae'zel
57%
Quotes "You served her! That's enough to damn you." Wyll
56%
Trivia Astarion crushes on: Wyll / Halsin
55%
Act 2 Antagonists In charge of Moonrise Towers when Ketheric is absent Disciple Z'rell
52%
Quotes "...Sweet that you care enough to murder me. Mind if you don't?" Gale
52%
Assorted Names Lae'zel's creche Creche K'liir
51%
Act 2 Antagonists Cursed toll collector Gerringothe Thorm
48%
Act 2 Antagonists Undead Sharran 'healer' in the Shadow-Cursed Lands Malus Thorm
48%
Quotes "...The cradle of eternity." Gale
45%
Assorted Names Shadowheart's real name Jenevelle Hallowleaf
44%
Camp Pets Ginger tabby cat of the above Grub
42%
Assorted Names Karlach's last name Cliffgate
41%
Quotes "The wrench! Together, we have crushed him-mind, and body!" Dame Aylin
34%
Quotes (Other) "CURIOSITY KILLED THE CAT IT WON'T BE SO KIND TO YOU-" Hope
30%
Assorted Names Halsin's last name Silverbough
22%
No matching quizzes found
Score Distribution
Percent of People with Each Score
Percentile by Number Answered
Your Score History
You have not taken this quiz